000 00638nam a2200217 a 4500
999 _c2652
_d2652
001 2652
003 BD-JhCC
005 20171105190413.0
008 171105s1986 bg |||| ||a| 000 0 ben d
035 _a(BD-JhCC)2652
040 _aBD-JhCC
_dBD-JhCC
041 _aben
082 _a891.443
_bSHA 1986
100 _aশাহেদ, হোসনে আরা
245 _aজীবন থেকে /
_cহোসনে আরা শাহেদ,
260 _aঢাকা :
_bনওরোজ সাহিত্য সংসদ,
_c1986
300 _a138 p. ;
_c18 cm.
650 _aBengali Novel
942 _2ddc
_cBK